| 000 | 00855nam a2200241 4500 | ||
|---|---|---|---|
| 001 | 175970 | ||
| 003 | ES-MaACL | ||
| 005 | 20240131174052.0 | ||
| 008 | 101202s2007 sp af |||| |dspa d | ||
| 080 | _a73 Rueda, Gerardo | ||
| 080 | _a74 Rueda, Gerardo | ||
| 080 | _a75 Rueda, Gerardo | ||
| 100 | 1 |
_aRueda, Gerardo. _9100506 |
|
| 245 | 1 | 0 |
_aPinturas, óleos sobre papel, esculturas, collages _b: 1957-1996 / _cGerardo Rueda ; [texto, Alfonso de la Torre]. |
| 260 |
_aMadrid : _bGalería Estiarte, _c[2007] |
||
| 300 |
_a[18] p., [36] p. de lám. col. ; _c24 cm. |
||
| 505 | 8 |
_aContiene: ; _tGerardo Rueda : ¡honor al papel! / _rAlfonso de la Torre |
|
| 600 | 1 | 7 |
_aRueda, Gerardo. _9100506 |
| 700 | 1 |
_aTorre, Alfonso de la, _d1960- _9139803 |
|
| 710 | 2 |
_aGalería Estiarte. _9144163 |
|
| 852 |
_aES-MaACL _j2304-F-13 |
||
| 999 |
_c175970 _d175970 |
||